[Event "ARG-ch sf U1700 Villa Maria"]
[Site "Villa Maria"]
[Date "2017.02.19"]
[Round "9.2"]
[White "Reburdo, Rodrigo Hernan"]
[Black "Zandrino, Jorge"]
[Result "1-0"]
[WhiteElo "1488"]
[BlackElo "1014"]
[PlyCount "46"]
[EventDate "2017.02.17"]
[EventType "swiss"]
[EventRounds "9"]
[EventCountry "ARG"]
[SourceTitle "EXT 2024"]
[Source "ChessBase"]
[SourceDate "2023.10.10"]
[SourceVersion "1"]
[SourceVersionDate "2023.10.10"]
[SourceQuality "1"]

1. e4 e5 2. Nf3 Nf6 3. d3 Nc6 4. Bg5 Be7 5. Nc3 0-0 6. Be2 h6 7. Be3 d6 8. 0-0 Be6 9. Nd2 Re8 10. f4 a6 11. f5 Bd7 12. Qe1 Nd4 13. Bd1 c5 14. Qg3 Nh7 15. Nd5 Bg5 16. Bxg5 Nxg5 17. f6 g6 18. Qh4 Nde6 19. Qxh6 Bc6 20. Bg4 b5 21. b4 Nh7 22. Bxe6 Nxf6 23. Nxf6+ Qxf6 1-0

[Event "ARG-ch sf U1700 Villa Maria"]
[Site "Villa Maria"]
[Date "2017.02.18"]
[Round "6.5"]
[White "Zandrino, Faustino"]
[Black "Zandrino, Jorge"]
[Result "1-0"]
[WhiteElo "1415"]
[BlackElo "1014"]
[PlyCount "20"]
[EventDate "2017.02.17"]
[EventType "swiss"]
[EventRounds "9"]
[EventCountry "ARG"]
[SourceTitle "EXT 2024"]
[Source "ChessBase"]
[SourceDate "2023.10.10"]
[SourceVersion "1"]
[SourceVersionDate "2023.10.10"]
[SourceQuality "1"]

1. e4 d5 2. exd5 Qxd5 3. Nc3 Qxg2 4. Bc4 Qxg1+ 5. Bf1 Qg6 6. Qe2 Qxc2 7. Qf3 Qxc3 8. Be2 Qc5 9. Bc4 Qxc4 10. Qg4 Qxg4 1-0

[Event "ARG-ch sf U1700 Villa Maria"]
[Site "Villa Maria"]
[Date "2017.02.17"]
[Round "1.4"]
[White "Zandrino, Jorge"]
[Black "Allasia, Jesus"]
[Result "0-1"]
[WhiteElo "1014"]
[BlackElo "1649"]
[PlyCount "71"]
[EventDate "2017.02.17"]
[EventType "swiss"]
[EventRounds "9"]
[EventCountry "ARG"]
[SourceTitle "EXT 2024"]
[Source "ChessBase"]
[SourceDate "2023.10.10"]
[SourceVersion "1"]
[SourceVersionDate "2023.10.10"]
[SourceQuality "1"]

1. e4 c5 2. Nf3 d6 3. d4 cxd4 4. Qxd4 Nc6 5. Bb5 Bd7 6. Qd1 Qa5+ 7. Nc3 Nf6 8. Bd3 g6 9. 0-0 Bg7 10. Bd2 Qc7 11. Re1 0-0 12. Bf4 Qb6 13. e5 dxe5 14. Nxe5 Nxe5 15. Bxe5 Ng4 16. Bg3 Qxb2 17. Ne4 Qxa1 18. Qe2 Qxa2 19. h3 Nf6 20. Ng5 h6 21. Nf3 Rac8 22. Ne5 Ba4 23. Rc1 Qb2 24. Bf4 Nd5 25. Qe4 Nxf4 26. Qxf4 Qxe5 27. Qxa4 Qd4 28. Qa5 Rc5 29. Qd2 Rd8 30. Qe2 Be5 31. Rd1 Qf4 32. g3 Qd4 33. Kg2 a5 34. f4 Bf6 35. c4 Rxc4 36. Bc2 0-1